| 000 | 00935nam a2200265Ia 4500 | ||
|---|---|---|---|
| 003 | OSt | ||
| 005 | 20220918171021.0 | ||
| 006 | a|||||r|||| 00| 0 | ||
| 007 | ta | ||
| 008 | 220917b |||||||| |||| 00| 0 eng d | ||
| 020 |
_a9781137443205 (hbk) _c5262.94 |
||
| 024 | _a285,734 | ||
| 037 |
_bCBS/319, 05/03/2015, Classic Book Service _cTextual |
||
| 040 |
_aARTS _cARTS _beng |
||
| 041 |
_2eng _aeng |
||
| 082 | _aO111973:g(Y:45), Q4 | ||
| 100 |
_aMiller Kristine A. Ed. _933162 |
||
| 245 | 0 |
_aTransatlantic literature and culture after 9/11 _b Wrong side of paradise |
|
| 260 |
_aNew York _bPalgrave macmillan U.S.A. _c2014 |
||
| 300 |
_axii, 265p. _ccm. |
||
| 490 | _aBritish literature of the blitz : Fighting the people's war | ||
| 650 | _aENGLISH LITERATURE | ||
| 942 |
_hO111973:g(Y:45), Q4 _cTEXL _2CC |
||
| 999 |
_c137297 _d137297 |
||